| 000 | 00982nam a2200289Ia 4500 | ||
|---|---|---|---|
| 001 | Para_5825 | ||
| 003 | CHAP | ||
| 008 | 220125s1972 xx 000 0 und d | ||
| 010 | _a204309 | ||
| 040 | _cCHAP | ||
| 090 | _aPA TESIS 141 | ||
| 100 |
_aHerrera Herrera, Bernard _9170245 |
||
| 245 |
_aIncidencia y desarrollo de la 'mancha azul' en madera de pino (Pinus montezumae) en pruebas de laboratorio / _c por Bernard Herrera Herrera |
||
| 260 |
_aChapingo, Méx. : _b el autor |
||
| 300 | _a87 h. + apénd. | ||
| 502 | _aTesis (Ing. Agr. Esp. en Parasitología Agrícola) ENA. Departamento Parasitología Agrícola | ||
| 650 |
_aCeratocystis fagacearum _921337 |
||
| 650 |
_aPináceas _x enfermedades _988231 |
||
| 710 |
_aENA. Departamento Parasitología Agrícola _9164684 |
||
| 901 | _aPA TESIS 141 | ||
| 902 | _aA | ||
| 905 | _a0000001972 a 0000000000 00 | ||
| 910 | _a1972 | ||
| 942 | _cPARA | ||
| 942 |
_cPARA _d1 |
||
| 999 |
_c204309 _d204309 |
||